Heart - rending times / (Record no. 156890)

MARC details
000 -LEADER
fixed length control field 00520nam a22001937a 4500
005 - DATE AND TIME OF LATEST TRANSACTION
control field 20180906100933.0
010 ## - LCCN (DPL NO)
LC control number ENG-123958
020 ## - INTERNATIONAL STANDARD BOOK NUMBER
Terms of availability 375.00
International Standard Book Number 9789381399316
035 ## - SYSTEM CONTROL NUMBER
System control number EN-107490
037 ## - SOURCE OF ACQUISITION
Source of stock number/acquisition DBAD/PUB
082 ## - DEWEY DECIMAL CLASSIFICATION NUMBER
Classification number N
100 ## - MAIN ENTRY--PERSONAL NAME
Personal name Radhakrishnan, C.
245 ## - TITLE STATEMENT
Title Heart - rending times /
Statement of responsibility, etc by C. Radhakrishnan; tr. by Kairali Narayanan
260 ## - PUBLICATION, DISTRIBUTION, ETC. (IMPRINT)
Name of publisher, distributor, etc Hi-Tech Books
Date of publication, distribution, etc 2015
Place of publication, distribution, etc Kochi
270 ## - ADDRESS
City Kochi
Postal code 682017
300 ## - PHYSICAL DESCRIPTION
Extent 366p
Dimensions 21cm.(pbk.)
700 ## - ADDED ENTRY--PERSONAL NAME
Personal name Kairali Narayanan
942 ## - ADDED ENTRY ELEMENTS (KOHA)
Source of classification or shelving scheme Dewey Decimal Classification
Item type English Books
Call number suffix RAD
Classification part N
Holdings
Withdrawn status Lost status Not for loan Collection code Home library Current library Date acquired Source of acquisition Cost, normal purchase price Full call number Barcode Copy number Cost, replacement price Koha item type
    Not For Loan Fiction D.B.Act.Division Patel Nagar 04/09/2018 DBAD/PUB 375.00 N RAD EN-107490 1 375.00 English Books

© Delhi Public Library
Hit Counter
free hit counter